Business Challenges and Opportunities in the Era of Industry 5.0

Guardado en:
Detalles Bibliográficos
Formato: Libro
Lenguaje:inglés
Publicado: Leeds Emerald Publishing Limited 2025
Edición:1st Edition
Materias:
Etiquetas: Agregar Etiqueta
Sin Etiquetas, Sea el primero en etiquetar este registro!

MARC

LEADER 00000nam a2200000 4500
001 0307261
005 20250225110051.5
020 |a 978-1-83549-677-0 
041 0 |a eng 
044 |a GB 
245 1 0 |a Business Challenges and Opportunities in the Era of Industry 5.0 
250 |a 1st Edition 
264 1 |a Leeds  |b Emerald Publishing Limited  |c 2025 
300 |a [237 s.] 
610 2 0 |a priemysel 5.0 
610 2 0 |a podnikanie 
610 2 0 |a dvojča digitálne 
610 2 0 |a technológie inteligentné 
610 2 0 |a technológie nové 
610 2 0 |a inteligencia umelá